[Event "Skalica op-B"]
[Site "Skalica"]
[Date "2023.08.26"]
[Round "8"]
[White "Sprusansky, Ferdinand"]
[Black "Haasova, Nina"]
[Result "0-1"]
[WhiteElo "1223"]
[BlackElo "1134"]
[PlyCount "124"]
[EventDate "2023.08.19"]
[EventType "swiss"]
[EventRounds "9"]
[EventCountry "SVK"]
[SourceTitle "CBM 215 Extra"]
[Source "ChessBase"]
[SourceDate "2023.09.30"]
[SourceVersion "1"]
[SourceVersionDate "2023.09.30"]
[SourceQuality "1"]

1. e4 e6 2. Nf3 d5 3. e5 c5 4. d4 Nc6 5. Nc3 Qb6 6. Nb5 Qd8 7. c3 a6 8. Nd6+ Bxd6 9. exd6 Qxd6 10. Be3 cxd4 11. Nxd4 Nge7 12. Bd3 0-0 13. Nxc6 Qxc6 14. Qh5 Ng6 15. Bd4 e5 16. Be3 e4 17. Bc2 Qe6 18. Bd1 Qf5 19. 0-0 Qxh5 20. Bxh5 Bf5 21. Rad1 Rad8 22. f4 Ne7 23. Bc5 Rfe8 24. a4 Bg6 25. Bxg6 Nxg6 26. f5 Ne5 27. f6 g6 28. b3 Nc6 29. b4 Ne5 30. Be7 Rd7 31. Rd4 Nc6 32. Rd2 Nxe7 33. fxe7 Rexe7 34. Rd4 Kg7 35. c4 dxc4 36. Rxc4 e3 37. Re1 Rd2 38. Kf1 f5 39. Rcc1 Rb2 40. Rc3 f4 41. b5 axb5 42. axb5 Rxb5 43. Ke2 Rb2+ 44. Kf3 Rf2+ 45. Kg4 h5+ 46. Kh3 g5 47. g4 Rf3+ 48. Kg2 hxg4 49. Rc2 Kg6 50. Rb2 Re6 51. Rxb7 Rf2+ 52. Kg1 Kf5 53. Rb5+ Re5 54. Rb8 Ke4 55. Rb3 Kf3 56. Rf1 Rxf1+ 57. Kxf1 Rc5 58. Rb1 g3 59. hxg3 fxg3 60. Re1 g2+ 61. Kg1 g4 62. Ra1 Rh5 0-1

[Event "Skalica op-B"]
[Site "Skalica"]
[Date "2023.08.24"]
[Round "6"]
[White "Skalicky, Jindrich"]
[Black "Sprusansky, Ferdinand"]
[Result "1/2-1/2"]
[WhiteElo "1129"]
[BlackElo "1223"]
[PlyCount "47"]
[EventDate "2023.08.19"]
[EventType "swiss"]
[EventRounds "9"]
[EventCountry "SVK"]
[SourceTitle "CBM 215 Extra"]
[Source "ChessBase"]
[SourceDate "2023.09.30"]
[SourceVersion "1"]
[SourceVersionDate "2023.09.30"]
[SourceQuality "1"]

1. c4 e5 2. Nc3 Nf6 3. Nf3 Nc6 4. g3 d5 5. cxd5 Nxd5 6. Bg2 Nxc3 7. bxc3 Bf5 8. 0-0 e4 9. Nh4 Qd7 10. Nxf5 Qxf5 11. Qc2 Qg4 12. Qxe4+ Qxe4 13. Bxe4 Na5 14. Rb1 Rb8 15. d3 b6 16. Bf4 Bd6 17. Bxd6 cxd6 18. Bf3 0-0 19. e4 Nc6 20. Bg2 Ne5 21. d4 Nc4 22. Rfd1 Rfe8 23. Bf1 Na5 24. Bg2 1/2-1/2

[Event "Skalica op-B"]
[Site "Skalica"]
[Date "2022.08.20"]
[Round "1"]
[White "Durana, Jonas"]
[Black "Sprusansky, Ferdinand"]
[Result "1-0"]
[WhiteElo "1700"]
[BlackElo "1228"]
[PlyCount "53"]
[EventDate "2022.08.20"]
[EventType "swiss"]
[EventRounds "9"]
[EventCountry "SVK"]
[SourceTitle "CBM 209 Extra"]
[Source "ChessBase"]
[SourceDate "2022.09.30"]
[SourceVersion "1"]
[SourceVersionDate "2022.09.30"]
[SourceQuality "1"]

1. e4 e5 2. Nf3 Nc6 3. Bc4 Bc5 4. c3 Nf6 5. d4 exd4 6. e5 Ne4 7. cxd4 Bb4+ 8. Bd2 Nxd2 9. Nbxd2 d5 10. Bb5 0-0 11. 0-0 Qe7 12. Bxc6 bxc6 13. a3 Bxd2 14. Qxd2 Ba6 15. Rfe1 c5 16. Qa5 Bc4 17. dxc5 Rfd8 18. Nd4 Re8 19. Rad1 Qg5 20. b3 Bxb3 21. Nxb3 Rxe5 22. Qxc7 Rxe1+ 23. Rxe1 g6 24. Qe5 Qd8 25. h3 Rb8 26. c6 Rxb3 27. c7 1-0